书目信息 |
| 题名: |
现代化问题探索
|
|
| 作者: | 瓦尔马 , Varma 著 ;周忠德 , 严炬新 编译 | |
| 分册: | ||
| 出版信息: | 北京 知识出版社 1983 |
|
| 页数: | 156页 | |
| 开本: | 20cm | |
| 丛书名: | ||
| 单 册: | ||
| 中图分类: | C910 | |
| 科图分类: | ||
| 主题词: | 社会学--研究 | |
| 电子资源: | ||
| ISBN: | ||
| 000 | 00723nam0 2200253 45 | |
| 001 | 0183007992 | |
| 005 | 20060926092430.42 | |
| 010 | @dCNY0.52 | |
| 091 | @aCN@b17214.1015 | |
| 100 | @a19960215d1983 em y0chiy0121 ea | |
| 101 | 1 | @achi@ceng |
| 102 | @aCN@b110000 | |
| 105 | @ay z 000yy | |
| 200 | 10 | @a现代化问题探索@Axian dai hua wen ti tan suo@f(美)瓦尔马(B.N.Varma)著@g周忠德,严炬新编译 |
| 210 | @a北京@c知识出版社@d1983 | |
| 215 | @a156页@d20cm | |
| 606 | @a社会学@x研究 | |
| 690 | @aC910@v3 | |
| 701 | 1 | @a瓦尔马@Awa er ma@bB.N.@4著 |
| 701 | A1 | @aVarma@bB.N.@4著 |
| 702 | 0 | @a周忠德@Azhou zhong de@4编译 |
| 702 | 0 | @a严炬新@Ayan ju xin@4编译 |
| 801 | 0 | @aCN@bTSSF@c20060926 |
| 905 | @a10447@dC910@e381 | |
| 现代化问题探索/(美)瓦尔马(B.N.Varma)著/周忠德,严炬新编译.-北京:知识出版社,1983 |
| 156页;20cm |
| ISBN :CNY0.52 |
| ● |
| 相关链接 |
|
|
|
|
正题名:现代化问题探索
索取号:C910/381
 
预约/预借
| 序号 | 登录号 | 条形码 | 馆藏地/架位号 | 状态 | 备注 |
| 1 | 0423057 | 204230572 | 密集书库/ [索取号:C910/381] | 在馆 |